1814 1989 1940 1659 1904 1628 1219 1380 1061 1276 1780 1565 1730 1238 1275 1674 1348 1217 1265 1613 1621 1574 1013 1241 1608 1274 1336 1863 1416 1970 1497 1779 1305 1133 1873 1741 1988 1334 1268 1076 1094 1263 1190 1497 1227 1297 1110 1570 1072 1987 1450 1439 1042 1439 1350 1186 1867 1875 1575 1664 1839 1527 1038 1365 1800 1056 1079 1689 1270 1432 1643 1063 1068 1567 1310 1446 1192 1098 1069 1341 1816 1120 1894 1017 1936 1783 1068 1088 1785 1780 1885 1244 1198 1307 1806 1137 1045 1516 1066 BCNSPRNW ULIB Ver.6.0+V

เปลี่ยนเป็นภาษาไทย

Change to English
 แสดงรายละเอียดบรรณานุกรม
  กลับหน้าหลัก

Brief Record : Get Marc (ISO 2709) : E-mail record : QR code < ปิดหน้าต่าง
LEADER : 00000nam 2200000uu 4500
001    13399114717
003     ULIB
008    020711s2553 th a 000 0 tha d
099    ^aวจ.WY18^bศ253พ
100    ^aศรีประไพ อินทร์ชัยเทพ
245    พฤติกรรมการดูแลอย่างเอื้ออาทร ของนักศึกษาพยาบาลศาสตร์บัณฑิต พ.ศ.2545 วิทยาลัยพยาบาลบรมราชชนี นครลำปาง/^cศรีประไพ อินทร์ชัยเทพ,ปาริชาติ ตุลาพันธุ์
260    ^aลำปาง :^bวิทยาลัยพยาบาลบรมราชชนี นครลำปาง,^c2549
300    ^a79 หน้า
650  7 พฤติกรรมเอื้ออาทร^xวิจัย
700 0  ปาริชาติ ตุลาพันธุ์
710 1  ^aวิทยาลัยพยาบาลบรมราชชนี นครลำปาง
945    ^p0^l0^i031731
995    ทศพร
999 ^a ทศพร
รายการนี้ยังไม่มีแท็ก
คุณยังไม่ได้ล็อกอิน คุณสามารถมีกิจกรรมร่วมกับเว็บไซต์ได้ แต่ต้องล็อกอินก่อน ::
  ล็อกอิน

รายการสื่อสารสนเทศ

ลำดับที่ ประเภท เลขเรียก/บาร์โค้ด สถานที่ สถานะ
1. งานวิจัย
งานวิจัย
วจ.WY18 ศ253พ ฉ.1 
  Barcode: 031731
ห้องสมุดวิทยาเขตสวรรค์ประชารักษ์
►วิจัย
บนชั้น

รายการใกล้เคียง
    ผู้แต่ง [ศรีประไพ อินทร์ชัยเทพ]

BibComment


ยังไม่เคยถูกคอมเมนท์

คอมเมนท์ทรัพยากรรายการนี้
  คอมเมนท์: พฤติกรรมการดูแลอย..


 Copyright 2026. Bcnsprnw @Library